Biggest Cities without Skyscrapers - Statistics

General Stats
  • This quiz has been taken 1,293 times
    105 since last reset
  • The average score is 8 of 18
Answer Stats
Population Continent City % Correct
16.3 mil Africa Kinshasa
82%
12.0 mil South America Lima
80%
7.20 mil Africa Khartoum
64%
14.6 mil Asia Lahore
62%
9.65 mil Africa Luanda
58%
6.80 mil Africa Accra
52%
5.25 mil Asia Kabul
51%
5.10 mil Africa Cape Town
45%
7.05 mil Africa Abidjan
40%
5.35 mil Africa Kano
39%
5.30 mil South America Belo Horizonte
38%
5.65 mil Asia Yangon
38%
5.60 mil Asia Rawalpindi / Islamabad
33%
9.90 mil Asia Ahmedabad
31%
8.05 mil Asia Surat
28%
5.70 mil Africa Bamako
27%
7.00 mil Asia Bandung
22%
8.05 mil Asia Shantou
3%
No matching quizzes found
Score Distribution
Percent of People with Each Score
Percentile by Number Answered
Your Score History
You have not taken this quiz since the last reset